000 00933nam0a2200289 4500
001 RU\NLR\ONL1\12165
005 20250613121237.0
035 _a(NLR Aleph) 009640910
090 _a9545553
_c9545553
100 _a20070907d1929 |||y0rusy50 ca
101 0 _amyv
102 _aRU
105 _aa |||||||||
200 1 _aОд кой
_eбукварь, лиои колмоцеде, витнезь
_fТ. Данилов
210 _aМ.
_cЦентриздат
_d1929
215 _a72 с.
_cил.
_d25
300 _aБез тит. л. описано по обл.
541 1 _aНовый быт
_eбукварь
_zrus
606 1 _aЭрзянский язык
_jБуквари
_91650160
_3RU\NLR\AUTH\66730328
686 1 _aШ166.311-929
700 1 _aДанилов
_bТ.
_4070
801 0 _aRU
_bNLR
_c20070907
_gPSBO
852 _aNLR
_bОНЛ
_jМорд.э./4-50
942 _cBOOK
980 _aNB